[Event "African Games Rapid Open 2019"]
[Site "Casablanca"]
[Date "2019.08.27"]
[Round "8.21"]
[White "Kamara, Ansumana"]
[Black "Naipal, Hoolan"]
[Result "0-1"]
[WhiteElo "1928"]
[BlackElo "1785"]
[Annotator "NA"]
[PlyCount "138"]
[EventDate "2019.08.26"]
[EventType "team-tourn"]
[EventCountry "MAR"]
[SourceTitle "playchess.com"]
[Source "ChessBase"]
[SourceQuality "1"]
[TimeControl "900+10"]

1. e4 {[%emt 0:00:00]} e5 {[%emt 0:00:00]} 2. Nf3 {[%emt 0:00:00]} Nc6 {[%emt 0:00:00]} 3. Bb5 {[%emt 0:00:00]} a6 {[%emt 0:00:00]} 4. Ba4 {[%emt 0:00:00]} Nf6 {[%emt 0:00:00]} 5. O-O {[%emt 0:00:04]} Be7 {[%emt 0:00:00]} 6. Re1 {[%emt 0:00:04]} b5 {[%emt 0:00:00]} 7. Bb3 {[%emt 0:00:02]} d6 {[%emt 0:00:00]} 8. c3 {[%emt 0:00:03]} O-O {[%emt 0:00:05]} 9. d4 {[%emt 0:00:02]} Bg4 {[%emt 0:00:03]} 10. d5 {[%emt 0:00:03]} Na5 {[%emt 0:00:52]} 11. Bc2 {[%emt 0:00:02]} c6 {[%emt 0:00:16]} 12. dxc6 {[%emt 0:00:21]} Nxc6 {[%emt 0:00:03]} 13. Nbd2 {[%emt 0:00:03]} d5 {[%emt 0:01:55]} 14. exd5 {[%emt 0:00:10]} Qxd5 {[%emt 0:00:06]} 15. h3 {[%emt 0:00:17]} Bh5 {[%emt 0:00:39]} 16. Ne4 {[%emt 0:00:10]} Qxd1 {[%emt 0:00:23]} 17. Bxd1 {[%emt 0:00:13]} Nxe4 {[%emt 0:02:19]} 18. Rxe4 {[%emt 0:00:04]} Rad8 {[%emt 0:00:49]} 19. Be2 {[%emt 0:02:16]} f5 {[%emt 0:01:51]} 20. Re3 {[%emt 0:00:12]} e4 {[%emt 0:04:24]} 21. Nd2 {[%emt 0:01:10]} Bxe2 {[%emt 0:00:40]} 22. Rxe2 {[%emt 0:00:03]} Bf6 {[%emt 0:00:31]} 23. a4 {[%emt 0:00:05]} b4 {[%emt 0:00:09]} 24. c4 {[%emt 0:00:29]} Nd4 {[%emt 0:00:13]} 25. Re1 {[%emt 0:00:21]} Nc2 {[%emt 0:00:01]} 26. Nf1 {[%emt 0:01:40]} Nxe1 {[%emt 0:00:13]} 27. Bd2 {[%emt 0:00:12]} Nd3 {[%emt 0:00:11]} 28. Rb1 {[%emt 0:00:35]} a5 {[%emt 0:02:01]} 29. b3 {[%emt 0:00:18]} Nc5 {[%emt 0:00:29]} 30. Be3 {[%emt 0:00:20]} Bd4 {[%emt 0:00:20]} 31. Bg5 {[%emt 0:00:05]} Rd7 {[%emt 0:00:13]} 32. Ne3 {[%emt 0:00:06]} Bxe3 {[%emt 0:00:05]} 33. Bxe3 {[%emt 0:00:03]} Ne6 {[%emt 0:00:09]} 34. Bb6 {[%emt 0:00:13]} Ra8 {[%emt 0:00:11]} 35. c5 {[%emt 0:00:06]} Nd8 {[%emt 0:00:22]} 36. Re1 {[%emt 0:01:19]} Nc6 {[%emt 0:00:03]} 37. f3 {[%emt 0:00:14]} Re8 {[%emt 0:00:12]} 38. fxe4 {[%emt 0:00:12]} Rxe4 {[%emt 0:00:10]} 39. Rf1 {[%emt 0:00:06]} g6 {[%emt 0:00:14]} 40. Rf3 {[%emt 0:00:03]} Rd2 {[%emt 0:00:29]} 41. Bc7 {[%emt 0:01:51]} Ree2 {[%emt 0:00:18]} 42. Rg3 {[%emt 0:00:28]} Kf7 {[%emt 0:00:20]} 43. Bf4 {[%emt 0:00:47]} Rc2 {[%emt 0:00:10]} 44. Bd6 {[%emt 0:00:13]} Rc3 {[%emt 0:00:23]} 45. Kf1 {[%emt 0:00:38]} Rxg3 {[%emt 0:00:13]} 46. Kxe2 {[%emt 0:00:04]} Rxb3 {[%emt 0:00:02]} 47. Kd2 {[%emt 0:00:25]} Ke6 {[%emt 0:00:13]} 48. Kc2 {[%emt 0:00:13]} Ra3 {[%emt 0:00:12]} 49. g3 {[%emt 0:00:33]} Ne5 {[%emt 0:00:06]} 50. g4 {[%emt 0:00:46]} fxg4 {[%emt 0:00:05]} 51. hxg4 {[%emt 0:00:02]} h5 {[%emt 0:00:04]} 52. gxh5 {[%emt 0:00:06]} gxh5 {[%emt 0:00:03]} 53. Bc7 {[%emt 0:00:17]} Nc4 {[%emt 0:00:19]} 54. Bf4 {[%emt 0:00:29]} Kd5 {[%emt 0:00:25]} 55. Kb1 {[%emt 0:00:49]} Kxc5 {[%emt 0:00:08]} 56. Bc7 {[%emt 0:00:08]} h4 {[%emt 0:00:12]} 57. Kc1 {[%emt 0:00:16]} Kd4 {[%emt 0:00:15]} 58. Kb1 {[%emt 0:00:15]} Kd3 {[%emt 0:00:11]} 59. Bf4 {[%emt 0:00:18]} h3 {[%emt 0:00:12]} 60. Bc7 {[%emt 0:00:06]} Nd2+ {[%emt 0:00:13]} 61. Kb2 {[%emt 0:00:12]} Nf3 {[%emt 0:00:03]} 62. Bxa5 {[%emt 0:00:09]} h2 {[%emt 0:00:06]} 63. Bxb4 {[%emt 0:00:03]} Rxa4 {[%emt 0:00:03]} 64. Kb3 {[%emt 0:00:03]} Rxb4+ {[%emt 0:00:05]} 65. Kxb4 {[%emt 0:00:01]} h1=Q {[%emt 0:00:04]} 66. Kb3 {[%emt 0:00:03]} Qc1 {[%emt 0:00:05]} 67. Ka2 {[%emt 0:00:03]} Qc4+ {[%emt 0:00:14]} 68. Ka3 {[%emt 0:00:03]} Qb5 {[%emt 0:00:16]} 69. Ka2 {[%emt 0:00:06]} Kc2 {[%emt 0:00:04]} 0-1

[Event "African Games Rapid Open 2019"]
[Site "Casablanca"]
[Date "2019.08.27"]
[Round "8.22"]
[White "Winston Gerald, Mansfield Thomas"]
[Black "Marie, Patrick"]
[Result "0-1"]
[WhiteElo "1872"]
[BlackElo "1921"]
[Annotator "NA"]
[PlyCount "106"]
[EventDate "2019.08.26"]
[EventType "team-tourn"]
[EventCountry "MAR"]
[SourceTitle "playchess.com"]
[Source "ChessBase"]
[SourceQuality "1"]
[TimeControl "900+10"]

1. d4 {[%emt 0:00:00]} Nf6 {[%emt 0:00:00]} 2. Nc3 {[%emt 0:00:00]} e6 {[%emt 0:00:00]} 3. e4 {[%emt 0:00:00]} Bb4 4. Bd3 {[%emt 0:00:10]} d6 {[%emt 0:01:06]} 5. Bd2 {[%emt 0:00:09]} Nbd7 {[%emt 0:00:06]} 6. a3 {[%emt 0:00:04]} Ba5 {[%emt 0:00:05]} 7. Nf3 {[%emt 0:00:07]} O-O {[%emt 0:00:04]} 8. O-O {[%emt 0:00:04]} Re8 {[%emt 0:00:14]} 9. h3 {[%emt 0:00:20]} e5 {[%emt 0:00:02]} 10. Re1 {[%emt 0:00:14]} Bb6 {[%emt 0:00:49]} 11. d5 {[%emt 0:00:23]} Nf8 {[%emt 0:01:17]} 12. Ne2 {[%emt 0:00:26]} Ng6 {[%emt 0:00:15]} 13. c4 {[%emt 0:00:09]} Bd7 {[%emt 0:02:15]} 14. Ng3 {[%emt 0:00:08]} Qc8 {[%emt 0:00:30]} 15. Nf5 {[%emt 0:00:32]} Bxf5 {[%emt 0:03:27]} 16. exf5 {[%emt 0:00:01]} Nf4 {[%emt 0:03:20]} 17. Bxf4 {[%emt 0:00:06]} exf4 {[%emt 0:00:02]} 18. Qd2 {[%emt 0:00:17]} Nh5 {[%emt 0:00:20]} 19. Rxe8+ {[%emt 0:00:12]} Qxe8 {[%emt 0:00:01]} 20. Re1 {[%emt 0:00:03]} Qd7 {[%emt 0:00:12]} 21. Qe2 {[%emt 0:01:19]} a5 {[%emt 0:00:49]} 22. Ng5 {[%emt 0:00:58]} Nf6 {[%emt 0:01:12]} 23. Qe7 {[%emt 0:00:24]} Re8 {[%emt 0:00:16]} 24. Qxe8+ {[%emt 0:00:26]} Nxe8 {[%emt 0:00:02]} 25. Nf3 {[%emt 0:01:30]} Nf6 {[%emt 0:00:21]} 26. b3 {[%emt 0:00:03]} Bc5 {[%emt 0:00:17]} 27. a4 {[%emt 0:00:03]} Qd8 {[%emt 0:00:27]} 28. Re2 {[%emt 0:00:20]} Nd7 {[%emt 0:00:01]} 29. Re4 {[%emt 0:00:14]} f6 {[%emt 0:01:16]} 30. Rxf4 {[%emt 0:00:24]} Ne5 {[%emt 0:00:01]} 31. Be2 {[%emt 0:00:13]} Nxf3+ {[%emt 0:00:03]} 32. Bxf3 {[%emt 0:00:06]} Qa8 {[%emt 0:00:24]} 33. Re4 {[%emt 0:00:13]} Kf7 {[%emt 0:00:03]} 34. g4 {[%emt 0:00:30]} Qa7 {[%emt 0:00:00]} 35. Re2 {[%emt 0:00:04]} Qb6 {[%emt 0:00:01]} 36. Rb2 {[%emt 0:00:32]} Bd4 {[%emt 0:00:05]} 37. Rd2 {[%emt 0:00:06]} Be5 {[%emt 0:00:09]} 38. Rd3 {[%emt 0:00:18]} Qb4 {[%emt 0:00:05]} 39. Kf1 {[%emt 0:00:19]} Qa3 {[%emt 0:00:09]} 40. Bd1 {[%emt 0:00:18]} Qc1 {[%emt 0:00:12]} 41. Ke2 {[%emt 0:00:18]} Qf4 {[%emt 0:00:05]} 42. Bc2 {[%emt 0:00:32]} Qe4+ {[%emt 0:00:37]} 43. Re3 {[%emt 0:00:09]} Qxc2+ {[%emt 0:00:02]} 44. Kf3 {[%emt 0:00:07]} Bd4 {[%emt 0:00:09]} 45. Re2 {[%emt 0:00:39]} Qxb3+ {[%emt 0:00:02]} 46. Kg2 {[%emt 0:00:03]} Qxc4 {[%emt 0:00:04]} 47. Kf1 {[%emt 0:00:55]} Qxd5 {[%emt 0:00:11]} 48. Rc2 {[%emt 0:00:11]} c5 {[%emt 0:00:04]} 49. Ke1 {[%emt 0:00:18]} Qe4+ {[%emt 0:00:15]} 50. Kd1 {[%emt 0:00:09]} c4 {[%emt 0:00:20]} 51. Rd2 {[%emt 0:00:25]} c3 {[%emt 0:00:04]} 52. Rc2 {[%emt 0:00:09]} Qd3+ {[%emt 0:00:58]} 53. Kc1 {[%emt 0:00:03]} Qf1# 0-1

[Event "African Games Rapid Open 2019"]
[Site "Casablanca"]
[Date "2019.08.27"]
[Round "9.1"]
[White "Adly, Ahmed"]
[Black "Kayonde, Andrew"]
[Result "1-0"]
[WhiteElo "2636"]
[BlackElo "2384"]
[Annotator "TA"]
[PlyCount "52"]
[EventDate "2019.08.26"]
[EventType "team-tourn"]
[EventCountry "MAR"]
[SourceTitle "playchess.com"]
[Source "ChessBase"]
[SourceQuality "1"]

{[%evp 9,52,27,43,22,31,37,39,27,34,32,38,9,25,10,13,25,44,41,48,42,53,40,50,36,51,24,66,64,59,39,68,81,76,70,387,407,432,429,496,497,464,440,502,481,691]} 1. Nf3 d5 2. c4 c6 3. e3 Nf6 4. b3 e6 5. Bb2 a6 (5... Bd6 6. Nc3 Nbd7 7. Qc2 a6 8. d4 e5 9. dxe5 Nxe5 10. O-O-O Qe7 11. Nxe5 Bxe5 12. cxd5 cxd5 13. Nxd5 Nxd5 14. Rxd5 Bxb2+ 15. Kxb2 {½-½ (90) Sargissian,G (2679)-Bartel,M (2623) Baku 2015}) 6. Qc2 {A06: Réti Opening:1 Nf3 d5} c5 $146 ({Predecessor:} 6... Nbd7 7. Be2 Bd6 8. d4 O-O 9. Nbd2 Qc7 10. Ne5 c5 11. O-O b6 12. e4 cxd4 13. Nxd7 Nxd7 14. cxd5 exd5 15. Bxd4 Bb7 {½-½ (15) Pecorelli Garcia,H (2451)-Perez Garcia,R (2425) Santa Clara 2003}) 7. cxd5 exd5 8. d4 {White is slightly better.} cxd4 9. Nxd4 Bb4+ 10. Bc3 (10. Nc3 {is more complex.} O-O 11. Bd3 Nbd7 12. Nf3 Nc5 13. O-O) 10... Bd6 11. Nd2 O-O 12. Bd3 Nc6 13. Nxc6 bxc6 14. O-O h6 15. Rac1 c5 16. Rfd1 Qe7 17. Nf1 Bg4 18. Be2 {[#] Strongly threatening Bxf6.} Be6 19. Bf3 Rfd8 20. Ng3 Ng4 21. Bxg4 Bxg3 $2 {[%mdl 8192] [#]} ({Better is} 21... Bxg4 $14 22. Rxd5 Bxg3 23. Rxd8+ Rxd8 24. hxg3 Be6) 22. Bxe6 $18 ({And not} 22. hxg3 Bxg4 23. Re1 Rac8 $11) 22... Bxh2+ 23. Kxh2 {White is clearly winning.} fxe6 24. Be5 Rac8 25. Qg6 Rf8 26. f4 Rf5 {Accuracy: White = 74%, Black = 51%.} (26... Qf7 $142 27. Qg4 Kh7) 1-0

[Event "African Games Rapid Open 2019"]
[Site "Casablanca"]
[Date "2019.08.27"]
[Round "9.2"]
[White "Silva, David"]
[Black "Amin, Bassem"]
[Result "0-1"]
[WhiteElo "2239"]
[BlackElo "2692"]
[Annotator "TA"]
[PlyCount "76"]
[EventDate "2019.08.26"]
[EventType "team-tourn"]
[EventCountry "MAR"]
[SourceTitle "playchess.com"]
[Source "ChessBase"]
[SourceQuality "1"]

{[%evp 10,76,20,12,10,16,19,12,18,20,20,23,22,0,16,0,28,4,6,-11,0,-20,-19,-12,0,0,0,-16,57,60,71,66,50,0,0,0,26,0,27,0,0,0,8,-16,-11,-21,0,-24,0,-7,-8,-6,0,-16,-9,-82,-70,-119,-67,-80,-83,-239,-231,-231,-233,-217,-214,-982,-961]} 1. Nf3 Nf6 2. g3 g6 3. b3 Bg7 4. Bb2 d6 5. d4 c5 6. Bg2 cxd4 {A49: 1 d4 Nf6 2 Nf3 g6 3 g3: Anti-King's Indian systems} 7. Nxd4 d5 8. O-O e5 {The position is equal.} 9. Nf3 e4 10. Nd4 O-O 11. c4 dxc4 12. bxc4 (12. Nd2 cxb3 13. Qxb3 Nc6 14. Nxc6 Qxd2 15. Ne7+ Kh8 16. Nxc8 Raxc8 17. e3 {½-½ (37) Malakhov,V (2654)-Amin,B (2709) Zagreb 2018}) 12... Nc6 13. Nxc6 bxc6 14. Nc3 Bf5 15. Ba3 $146 ({Predecessor:} 15. Qa4 Qc7 16. Nd1 Rfe8 17. Ne3 Bc8 18. Rab1 Nd7 19. Ba3 Bf8 20. Bxf8 Kxf8 21. Qa3+ Kg8 22. Rfd1 Rb8 {½-½ (22) Al Huwar,J (2241)-Popovic,D (2561) Cappelle-la-Grande 2012}) 15... Re8 16. Rc1 Qc8 17. Qa4 h5 18. Rfd1 Nd7 (18... Rb8 $11) 19. c5 $14 {[%cal Rg2e4]} Nf6 20. Rd6 Re6 21. Rcd1 Bf8 22. R6d4 {[%cal Rg2e4]} Qe8 23. e3 a5 (23... Bg4 $5 {[%cal Rg4d1]}) 24. Qb3 Rb8 25. Qa4 Re5 26. Qc4 Be6 27. Qa4 {[%cal Rc3e4]} Bf5 28. Qc4 Bg4 $36 {[%mdl 2048] Black fights for an advantage.} 29. Rf1 {[%cal Rc3e4]} Be6 30. Qa4 {[%cal Rc3e4]} Bf5 31. Qc4 h4 32. h3 (32. gxh4 $11 Re6 33. Ne2) 32... Be6 $17 33. Qa4 {[#]} Bxc5 (33... hxg3 $1 $17 {aiming for ...Nd5.} 34. fxg3 Rf5) 34. Bxc5 Rxc5 35. Nxe4 $2 (35. Qa3 $17 {was forced.} Rc4 36. gxh4) 35... Nxe4 $19 36. Rxe4 hxg3 37. fxg3 Rb2 {[#] Threatens to win with ...Rxg2+!} 38. Rh4 $2 (38. Ref4) 38... Rcc2 {Accuracy: White = 40%, Black = 53%.} 0-1

[Event "African Games Rapid Open 2019"]
[Site "Casablanca"]
[Date "2019.08.27"]
[Round "9.3"]
[White "Hamdouchi, Hicham"]
[Black "Bellahcene, Bilel"]
[Result "1-0"]
[WhiteElo "2562"]
[BlackElo "2550"]
[Annotator "ChessBase"]
[PlyCount "71"]
[EventDate "2019.08.26"]
[EventType "team-tourn"]
[EventCountry "MAR"]
[SourceTitle "playchess.com"]
[Source "ChessBase"]
[SourceQuality "1"]
[TimeControl "900+10"]

1. e4 {[%emt 0:00:00]} c5 {[%emt 0:00:00]} 2. Nf3 {[%emt 0:00:00]} d6 {[%emt 0:00:00]} 3. c3 {[%emt 0:00:00]} Nf6 {[%emt 0:00:00]} 4. h3 {[%emt 0:00:01]} g6 {[%emt 0:00:03]} 5. Bd3 {[%emt 0:00:03]} Bg7 {[%emt 0:00:02]} 6. Bc2 {[%emt 0:00:03]} O-O {[%emt 0:00:02]} 7. O-O {[%emt 0:00:05]} e5 {[%emt 0:00:26]} 8. d4 {[%emt 0:01:09]} Qc7 {[%emt 0:00:11]} 9. dxe5 {[%emt 0:01:03]} dxe5 {[%emt 0:00:02]} 10. Qe2 {[%emt 0:00:02]} a6 {[%emt 0:00:16]} 11. a4 {[%emt 0:00:05]} h6 {[%emt 0:00:03]} 12. Na3 {[%emt 0:00:05]} Be6 {[%emt 0:00:17]} 13. Nc4 {[%emt 0:02:26]} Nc6 {[%emt 0:00:01]} 14. Be3 {[%emt 0:00:02]} b6 {[%emt 0:01:17]} 15. Rfd1 {[%emt 0:01:18]} Bxc4 {[%emt 0:01:04]} 16. Qxc4 {[%emt 0:00:03]} Na5 {[%emt 0:00:01]} 17. Qe2 {[%emt 0:00:33]} c4 {[%emt 0:00:01]} 18. Rd2 {[%emt 0:00:30]} Rfe8 {[%emt 0:00:16]} 19. Rad1 {[%emt 0:00:03]} Re6 {[%emt 0:00:03]} 20. Nh2 {[%emt 0:00:16]} Qc6 {[%emt 0:02:54]} 21. Ng4 {[%emt 0:00:25]} Nxg4 {[%emt 0:01:04]} 22. hxg4 {[%emt 0:00:04]} Nb7 {[%emt 0:00:28]} 23. Rd5 {[%emt 0:00:27]} b5 {[%emt 0:00:06]} 24. axb5 {[%emt 0:00:27]} axb5 {[%emt 0:00:01]} 25. Qd2 {[%emt 0:00:14]} g5 {[%emt 0:00:24]} 26. Rd7 {[%emt 0:01:25]} Ra2 {[%emt 0:00:22]} 27. Bb1 {[%emt 0:02:18]} Ra1 {[%emt 0:00:02]} 28. Qd5 {[%emt 0:00:02]} Na5 {[%emt 0:00:33]} 29. Ra7 {[%emt 0:00:05]} Bf8 {[%emt 0:01:05]} 30. Ra8 {[%emt 0:00:44]} Nb3 {[%emt 0:00:34]} 31. Rb8 {[%emt 0:01:38]} Qc7 {[%emt 0:00:59]} 32. Qxb5 {[%emt 0:00:58]} Rd6 {[%emt 0:00:26]} 33. Rf1 {[%emt 0:00:02]} Nd2 {[%emt 0:01:58]} 34. Qe8 {[%emt 0:01:23]} Qxb8 {[%emt 0:02:31]} 35. Qxb8 {[%emt 0:00:02]} Nxf1 {[%emt 0:00:02]} 36. Bc5 1-0

[Event "African Games Rapid Open 2019"]
[Site "Casablanca"]
[Date "2019.08.27"]
[Round "9.4"]
[White "Wanyama, Harold"]
[Black "Mwale, Joseph"]
[Result "1-0"]
[WhiteElo "2293"]
[BlackElo "2231"]
[Annotator "NA"]
[PlyCount "79"]
[EventDate "2019.08.26"]
[EventType "team-tourn"]
[EventCountry "MAR"]
[SourceTitle "playchess.com"]
[Source "ChessBase"]
[SourceQuality "1"]
[TimeControl "900+10"]

1. c4 {[%emt 0:00:00]} e6 {[%emt 0:02:43]} 2. d4 {[%emt 0:00:06]} Nf6 {[%emt 0:00:02]} 3. Nc3 {[%emt 0:00:01]} Bb4 {[%emt 0:00:02]} 4. Qc2 {[%emt 0:00:08]} c5 {[%emt 0:00:12]} 5. dxc5 {[%emt 0:00:07]} Na6 {[%emt 0:00:13]} 6. Nf3 {[%emt 0:00:07]} O-O {[%emt 0:00:56]} 7. Bd2 {[%emt 0:00:31]} Nxc5 {[%emt 0:00:45]} 8. e3 {[%emt 0:00:11]} d5 {[%emt 0:00:07]} 9. cxd5 {[%emt 0:00:10]} exd5 {[%emt 0:00:03]} 10. a3 {[%emt 0:00:04]} Bxc3 {[%emt 0:00:03]} 11. Bxc3 {[%emt 0:00:01]} Nce4 {[%emt 0:00:04]} 12. Bd3 {[%emt 0:00:14]} Nxc3 {[%emt 0:00:06]} 13. Qxc3 {[%emt 0:00:02]} Ne4 {[%emt 0:00:03]} 14. Qd4 {[%emt 0:00:07]} Bg4 {[%emt 0:00:07]} 15. Bxe4 {[%emt 0:00:49]} dxe4 {[%emt 0:00:05]} 16. Qxe4 {[%emt 0:00:03]} Bxf3 {[%emt 0:00:02]} 17. Qxf3 {[%emt 0:00:03]} Qa5+ {[%emt 0:00:02]} 18. b4 {[%emt 0:00:07]} Qe5 {[%emt 0:00:02]} 19. O-O {[%emt 0:00:04]} b6 {[%emt 0:00:03]} 20. Rac1 {[%emt 0:00:30]} Rac8 {[%emt 0:00:05]} 21. Rxc8 {[%emt 0:00:18]} Rxc8 {[%emt 0:00:03]} 22. Rd1 {[%emt 0:00:02]} h6 {[%emt 0:00:07]} 23. g3 {[%emt 0:00:16]} Qc3 {[%emt 0:00:11]} 24. Rd7 {[%emt 0:00:10]} Rf8 {[%emt 0:00:02]} 25. Rxa7 {[%emt 0:00:04]} b5 {[%emt 0:00:06]} 26. Kg2 {[%emt 0:00:10]} Qc4 {[%emt 0:00:04]} 27. Re7 {[%emt 0:01:08]} Qb3 {[%emt 0:00:06]} 28. e4 {[%emt 0:00:03]} Qxf3+ {[%emt 0:00:05]} 29. Kxf3 {[%emt 0:00:13]} Ra8 {[%emt 0:00:01]} 30. Rb7 {[%emt 0:00:08]} Rxa3+ {[%emt 0:00:01]} 31. Kg2 {[%emt 0:00:07]} Rb3 {[%emt 0:00:03]} 32. Rxb5 {[%emt 0:00:02]} g6 {[%emt 0:00:02]} 33. Rb7 {[%emt 0:00:08]} Kg7 {[%emt 0:00:01]} 34. f4 {[%emt 0:00:07]} Kf6 {[%emt 0:00:02]} 35. Rb6+ {[%emt 0:00:10]} Ke7 {[%emt 0:00:01]} 36. e5 {[%emt 0:00:04]} Kd7 {[%emt 0:00:02]} 37. h4 {[%emt 0:00:06]} Ke7 {[%emt 0:00:05]} 38. h5 {[%emt 0:00:19]} gxh5 {[%emt 0:00:03]} 39. Rxh6 {[%emt 0:00:01]} Rxb4 {[%emt 0:00:01]} 40. Rxh5 {[%emt 0:00:02]} 1-0

[Event "African Games Rapid Open 2019"]
[Site "Casablanca"]
[Date "2019.08.27"]
[Round "9.5"]
[White "Makoto, Rodwell"]
[Black "Boudriga, Mohamed Ali"]
[Result "1-0"]
[WhiteElo "2373"]
[BlackElo "2325"]
[Annotator "NA"]
[PlyCount "103"]
[EventDate "2019.08.26"]
[EventType "team-tourn"]
[EventCountry "MAR"]
[SourceTitle "playchess.com"]
[Source "ChessBase"]
[SourceQuality "1"]
[TimeControl "900+10"]

1. Nf3 {[%emt 0:00:00]} Nf6 {[%emt 0:00:00]} 2. c4 {[%emt 0:00:00]} e6 {[%emt 0:00:00]} 3. g3 {[%emt 0:00:00]} d5 {[%emt 0:00:00]} 4. Bg2 {[%emt 0:00:00]} Be7 {[%emt 0:01:14]} 5. d4 {[%emt 0:00:00]} dxc4 {[%emt 0:00:27]} 6. O-O {[%emt 0:00:18]} O-O {[%emt 0:00:20]} 7. Qc2 {[%emt 0:00:23]} a6 {[%emt 0:00:13]} 8. a4 {[%emt 0:00:03]} Nc6 {[%emt 0:00:38]} 9. Qxc4 {[%emt 0:00:05]} Bd7 {[%emt 0:00:14]} 10. Bg5 {[%emt 0:00:15]} b5 {[%emt 0:00:07]} 11. Qc1 {[%emt 0:00:12]} Rb8 {[%emt 0:00:31]} 12. axb5 {[%emt 0:00:15]} axb5 {[%emt 0:00:01]} 13. Nc3 {[%emt 0:00:01]} h6 {[%emt 0:01:01]} 14. Bxf6 {[%emt 0:00:03]} Bxf6 {[%emt 0:00:02]} 15. Rd1 {[%emt 0:00:18]} Qe7 {[%emt 0:02:32]} 16. Ne4 {[%emt 0:00:14]} Rfc8 {[%emt 0:00:12]} 17. Nc5 {[%emt 0:00:11]} Be8 {[%emt 0:00:02]} 18. e3 {[%emt 0:00:12]} Rd8 {[%emt 0:00:21]} 19. Nd2 {[%emt 0:00:20]} g6 {[%emt 0:00:42]} 20. Nde4 {[%emt 0:00:24]} Bg7 {[%emt 0:00:01]} 21. Qc2 {[%emt 0:01:18]} Nb4 {[%emt 0:01:51]} 22. Qb3 {[%emt 0:00:08]} Nd5 {[%emt 0:00:01]} 23. Ra7 {[%emt 0:00:11]} Ra8 {[%emt 0:01:10]} 24. Rda1 {[%emt 0:00:13]} Rxa7 {[%emt 0:00:01]} 25. Rxa7 {[%emt 0:00:01]} e5 {[%emt 0:00:10]} 26. Nb7 {[%emt 0:04:48]} c6 {[%emt 0:00:02]} 27. Qa2 {[%emt 0:00:01]} Rd7 {[%emt 0:00:33]} 28. Nec5 {[%emt 0:00:06]} Rc7 {[%emt 0:00:03]} 29. e4 {[%emt 0:02:25]} Nb6 {[%emt 0:01:56]} 30. Qa6 {[%emt 0:01:23]} Nc8 {[%emt 0:00:24]} 31. Ra8 {[%emt 0:00:51]} exd4 {[%emt 0:00:45]} 32. b4 {[%emt 0:00:03]} Kh7 {[%emt 0:00:06]} 33. Bh3 {[%emt 0:02:24]} d3 {[%emt 0:01:03]} 34. Nxd3 {[%emt 0:00:03]} Rxb7 {[%emt 0:00:29]} 35. Bxc8 {[%emt 0:00:03]} Rc7 {[%emt 0:00:06]} 36. Qb6 {[%emt 0:01:07]} Qd6 {[%emt 0:00:19]} 37. Bh3 {[%emt 0:00:26]} Re7 {[%emt 0:00:04]} 38. Rd8 {[%emt 0:00:24]} Qf6 {[%emt 0:00:37]} 39. Qb8 {[%emt 0:00:32]} Qc3 {[%emt 0:01:27]} 40. Bf1 {[%emt 0:00:45]} Rd7 {[%emt 0:01:37]} 41. Rxe8 {[%emt 0:00:12]} Rxd3 {[%emt 0:00:02]} 42. Bxd3 {[%emt 0:00:01]} Qxd3 {[%emt 0:00:01]} 43. Qf4 {[%emt 0:00:08]} Qd7 {[%emt 0:00:13]} 44. Ra8 {[%emt 0:00:04]} Qe7 {[%emt 0:00:10]} 45. Rc8 {[%emt 0:00:21]} Qxb4 {[%emt 0:00:07]} 46. Rxc6 {[%emt 0:00:05]} Qb3 {[%emt 0:00:23]} 47. Rc7 {[%emt 0:00:27]} Kg8 {[%emt 0:00:03]} 48. Kg2 {[%emt 0:00:17]} h5 {[%emt 0:00:11]} 49. Qd6 {[%emt 0:00:10]} Qb1 {[%emt 0:00:23]} 50. Qe7 {[%emt 0:00:07]} Qb3 {[%emt 0:00:03]} 51. Qe8+ {[%emt 0:00:02]} Kh7 {[%emt 0:00:02]} 52. Qxf7 {[%emt 0:00:02]} 1-0